000 00330nam a22001337a 4500
082 _a823
_bGEO/E
100 _aGEORGE, BEENA
245 _aEVER LOVED ARABIAN STORIES
246 _aEVER LOVED ARABIAN STORIES
_bEVER LOVED ARABIAN STORIES
260 _aNEW DELHI
_bBOOK FORD
300 _a144
650 _aENGLISH STORY
942 _cBK
999 _c8719
_d8719